[Event "AUTO-OPEN-346"]
[Site "http://www.queenalice.com/game.php?id=92245"]
[Date "2006.8.3"]
[Round "1"]
[White "zalvaje"]
[Black "Jamtony"]
[Result "0-1"]
[WhiteElo "1332"]
[BlackElo "1565"]

1. g3 e5 2. e4 b6 3. Nc3 Qf6 4. Nh3 Bc5 5. Nd5 Qe6 6. Nxc7+ Kd8 7. Nxe6+ dxe6 8.
Qg4 Nf6 9. Qxg7 Re8 10. Qxf6+ Be7 11. Qxf7 Rf8 12. Qxh7 Nd7 13. Bb5 a6 14. Bc6
Bb7 15. Bxb7 Rb8 16. Bc6 b5 17. Ng5 Nc5 18. Nf7+ Kc7 19. Nxe5 Kd8 20. Qg7 a5 21.
Ng6 Re8 0-1

[Event "AUTO-OPEN-346"]
[Site "http://www.queenalice.com/game.php?id=92246"]
[Date "2006.8.3"]
[Round "1"]
[White "Jamtony"]
[Black "zalvaje"]
[Result "1-0"]
[WhiteElo "1558"]
[BlackElo "1339"]

1. e3 e5 2. Nf3 f6 3. Nc3 c6 4. Nh4 a6 5. Na4 g6 6. c3 b5 7. Qb3 Nh6 8. a3 bxa4
9. Qc4 d5 10. Qxa4 f5 11. d4 e4 12. g3 Be7 13. c4 Bd7 14. cxd5 cxd5 15. Qb3 Bc6
16. a4 Nf7 17. Bd2 Ng5 18. Bg2 O-O 19. Rc1 Qc8 20. Bb4 Bxb4+ 21. Qxb4 Ne6 22.
Qd6 1-0

[Event "AUTO-INT-126"]
[Site "http://www.queenalice.com/game.php?id=92364"]
[Date "2006.8.3"]
[Round "1"]
[White "Lapicida"]
[Black "zalvaje"]
[Result "1-0"]
[WhiteElo "1516"]
[BlackElo "1326"]

1. e4 e6 2. d4 d5 3. Nc3 Bb4 4. e5 Nc6 5. Nf3 a5 6. Bb5 Bd7 7. Bxc6 Bxc6 8. a3
Be7 9. O-O Nh6 10. Bd2 Ng4 11. Ne2 Bh4 12. Rc1 f6 13. g3 Bg5 14. Nxg5 fxg5 15.
Nc3 h5 16. f4 O-O 17. h3 Nh6 18. Qxh5 Be8 19. Qxg5 Qxg5 20. fxg5 Rxf1+ 21. Rxf1
Nf7 22. h4 c6 23. Ne2 g6 24. Nf4 Nd8 25. b3 b5 26. Kh2 a4 27. b4 Kg7 28. Kh3 Bf7
29. Kg4 Nb7 30. h5 gxh5+ 31. Nxh5+ Kg6 32. Rh1 Rh8 33. Nf4+ Kg7 34. Rxh8 Kxh8
35. g6 Be8 36. Kg5 Nd8 37. Kf6 Kg8 38. Ke7 Kg7 39. Kxe8 Nb7 40. Ke7 1-0

[Event "AUTO-INT-126"]
[Site "http://www.queenalice.com/game.php?id=92365"]
[Date "2006.8.3"]
[Round "1"]
[White "zalvaje"]
[Black "Lapicida"]
[Result "0-1"]
[WhiteElo "1342"]
[BlackElo "1507"]

1. a3 Nf6 2. f3 g6 3. g4 e6 4. Nh3 b6 5. e4 Bb7 6. c3 d5 7. e5 Nfd7 8. d4 Nc6 9.
Be2 Qh4+ 10. Nf2 f6 11. Qa4 Bg7 12. Bb5 fxe5 13. dxe5 Ndxe5 14. Ke2 O-O 15. Nd3
Rxf3 16. Nxe5 Nxe5 17. Be3 Rh3 18. g5 Rxh2+ 19. Rxh2 Qxh2+ 20. Bf2 Rf8 21. Qd4
Nf3 22. Qe3 Qh5 23. Nd2 Nxg5+ 24. Kd3 e5 25. Rg1 e4+ 26. Kc2 Nf3 27. Nxf3 Rxf3
28. Qd2 d4 29. cxd4 Qxb5 30. Rb1 Qc4+ 31. Kd1 e3 32. Qc3 Qxc3 33. bxc3 exf2 34.
Ke2 Rf7 35. Rf1 Ba6+ 0-1

[Event "AUTO-OPEN-350"]
[Site "http://www.queenalice.com/game.php?id=93395"]
[Date "2006.8.7"]
[Round "1"]
[White "ivan_at"]
[Black "zalvaje"]
[Result "1-0"]
[WhiteElo "1462"]
[BlackElo "1367"]

1. e4 a6 2. d4 e6 3. c4 Nf6 4. Nc3 Bb4 5. f3 d5 6. e5 Nh5 7. g4 Nc6 8. gxh5 Nxd4
9. Qd3 c5 10. Bd2 Qb6 11. cxd5 O-O 12. d6 f6 13. O-O-O fxe5 14. Ne4 Bxd2+ 15.
Rxd2 Qa5 16. a3 Qa4 17. Ne2 Nb3+ 18. Kb1 Nxd2+ 19. Nxd2 Bd7 20. Rg1 Qd1+ 21. Ka2
Qa4 22. h6 Bb5 23. Rxg7+ 1-0

[Event "AUTO-OPEN-350"]
[Site "http://www.queenalice.com/game.php?id=93396"]
[Date "2006.8.7"]
[Round "1"]
[White "zalvaje"]
[Black "ivan_at"]
[Result "0-1"]
[WhiteElo "1323"]
[BlackElo "1510"]

1. h3 e5 2. e4 Nf6 3. Nc3 Bb4 4. Qf3 O-O 5. Bc4 Nc6 6. Nd5 Nd4 7. Qd1 c6 8.
Nxf6+ Qxf6 9. c3 b5 10. Bd3 Bc5 11. cxd4 Bxd4 12. Nf3 d6 13. Nxd4 exd4 14. Qc2
Bb7 15. b3 a5 16. Ba3 b4 17. Bb2 Rfe8 18. f3 Rec8 19. O-O Rc7 20. a3 c5 21. axb4
Bc8 22. bxc5 Rxc5 23. Bc4 Qg6 24. d3 Bxh3 25. Rf2 Rg5 26. Bd5 Rc8 27. Qd2 Rc5
28. f4 Rg4 29. Bxd4 Rb5 30. f5 Qg5 0-1

[Event "AUTO-OPEN-350"]
[Site "http://www.queenalice.com/game.php?id=93419"]
[Date "2006.8.7"]
[Round "1"]
[White "zalvaje"]
[Black "petrossian"]
[Result "0-1"]
[WhiteElo "1325"]
[BlackElo "1784"]

1. e4 c6 2. d4 d5 3. Nc3 dxe4 4. Nxe4 e5 5. Be3 Nf6 6. Qd3 exd4 7. Bxd4 Nd5 8.
h3 Be6 9. g3 Nd7 10. Ng5 Qxg5 11. h4 Qf5 12. Qb3 Nb4 13. Bd3 Bxb3 14. Bxf5 Nxc2+
15. Bxc2 Bxc2 16. Ne2 Bb4+ 17. Nc3 O-O 18. O-O c5 19. Be3 Bxc3 20. bxc3 c4 21.
Bd4 Nb6 22. Rfe1 Nd5 23. Re5 Rfd8 24. a4 a6 25. Rg5 g6 26. h5 Nc7 27. Rg4 Bd3
28. Bb6 Rd7 29. hxg6 fxg6 30. a5 Nd5 31. Bd4 Re8 32. Kg2 Rde7 33. Rh4 Re2 0-1

[Event "AUTO-OPEN-350"]
[Site "http://www.queenalice.com/game.php?id=93420"]
[Date "2006.8.7"]
[Round "1"]
[White "petrossian"]
[Black "zalvaje"]
[Result "1-0"]
[WhiteElo "1607"]
[BlackElo "1374"]

1. e4 a6 2. Nf3 f6 3. d4 d5 4. Nc3 e6 5. exd5 exd5 6. Be2 Nc6 7. O-O Nh6 8. Bxh6
gxh6 9. h3 Bf5 10. Nh4 Qd7 11. Bh5+ Kd8 12. Nxf5 Qxf5 13. Bg4 Qg6 14. Nxd5 Bd6
15. c3 f5 16. Bf3 f4 17. Re1 Rg8 18. Qd2 Na5 19. Nxf4 Bxf4 20. Qxf4 c6 21. Re4
Nc4 22. Rae1 Nd6 23. Re6 Qg5 24. Rxd6+ Kc7 25. Rf6+ Qxf4 26. Rxf4 Rg7 27. Rfe4
Rf8 28. Re7+ Rxe7 29. Rxe7+ Kb6 30. Rxh7 1-0

[Event "AUTO-INT-138"]
[Site "http://www.queenalice.com/game.php?id=95691"]
[Date "2006.8.14"]
[Round "1"]
[White "zalvaje"]
[Black "jaychess"]
[Result "0-1"]
[WhiteElo "1293"]
[BlackElo "1680"]

1. c3 e5 2. g3 Bc5 3. e3 Nf6 4. f3 O-O 5. h3 d5 6. d4 exd4 7. exd4 Bd6 8. g4
Bg3+ 9. Ke2 Qe7+ 10. Be3 Bf4 11. Qd2 Ne4 12. fxe4 Qxe4 13. Nf3 Re8 14. Qd3 Bxe3
15. Qxe4 Rxe4 0-1

[Event "AUTO-INT-138"]
[Site "http://www.queenalice.com/game.php?id=95692"]
[Date "2006.8.14"]
[Round "1"]
[White "jaychess"]
[Black "zalvaje"]
[Result "1-0"]
[WhiteElo "1678"]
[BlackElo "1295"]

1. e4 e5 2. Nf3 d6 3. Bc4 Be7 4. d3 Nf6 5. Ng5 d5 6. exd5 Nxd5 7. Qf3 Be6 8.
Nxe6 fxe6 9. Nc3 c6 10. O-O Bf6 11. Nxd5 exd5 12. Bb3 Na6 13. c4 O-O 14. cxd5
1-0

[Event "AUTO-INT-138"]
[Site "http://www.queenalice.com/game.php?id=95693"]
[Date "2006.8.14"]
[Round "1"]
[White "zalvaje"]
[Black "xavimg"]
[Result "0-1"]
[WhiteElo "1333"]
[BlackElo "1336"]

1. c3 e5 2. Nf3 e4 3. Nd4 d5 4. e3 Nf6 5. Qb3 c5 6. Bb5+ Nfd7 7. Qxd5 cxd4 8.
Qxe4+ Be7 9. Qxd4 Bf6 10. Qe4+ Qe7 11. Qg4 a6 12. Bxd7+ Nxd7 13. d4 Nc5 14. Qe2
Ne6 15. g3 O-O 16. Nd2 Ng5 17. Nc4 Be6 18. f4 Ne4 19. Qd3 Bf5 20. Qf1 b5 21. Nb6
Rab8 22. Nd5 Qd6 23. Nxf6+ Qxf6 24. Qf3 Qd8 25. O-O Qe8 26. Re1 g6 27. a3 a5 28.
a4 bxa4 29. g4 Bd7 30. h3 h6 31. b3 axb3 32. Ba3 b2 33. Rab1 Nd2 34. Qg3 Nxb1
35. Rxb1 Qe4 36. Bxf8 Qxb1+ 37. Kf2 Qc2+ 38. Kf3 Bc6+ 39. e4 Qxe4+ 40. Kf2 b1=Q
41. Qe3 Rb2+ 0-1

[Event "AUTO-INT-138"]
[Site "http://www.queenalice.com/game.php?id=95694"]
[Date "2006.8.14"]
[Round "1"]
[White "xavimg"]
[Black "zalvaje"]
[Result "1-0"]
[WhiteElo "1282"]
[BlackElo "1358"]

1. e4 e5 2. Nf3 Bd6 3. d4 Nc6 4. d5 Nb4 5. a3 Na6 6. Ng5 f6 7. Nf3 Nc5 8. Nc3
Ne7 9. g3 b6 10. Bg2 Ba6 11. b4 Nb7 12. b5 Bxb5 13. Nxb5 a6 14. Nc3 Na5 15. O-O
Qc8 16. Nh4 c6 17. Qg4 O-O 18. Bh6 g6 19. Bxf8 Kxf8 20. Qf3 Nc4 21. Qxf6+ 1-0